[Event "ODEM U25 2010"]
[Site "Oberhof GER"]
[Date "2010.05.27"]
[Round "7"]
[White "Weber, Max"]
[Black "Seidler, Lukas"]
[Result "1/2-1/2"]
[Termination "normal"]
[Board "3"]
[WhiteElo "1888"]
[BlackElo "2089"]
[PlyCount "87"]
[WhiteFideId "4624831"]
[BlackFideId "12900095"]
[EventCountry "GER"]
[EventRounds "9"]
[EventType "swiss"]
[EventDate "2010.05.22"]

1. d4 d5 2. c4 e6 3. Nf3 Nf6 4. g3 c6 5. Bg2 Bd6 6. Qc2 O-O 7. O-O Ne4 8. b3 f5
9. Ba3 Bxa3 10. Nxa3 Nd7 11. Rac1 Ndf6 12. Nb1 Bd7 13. Ne5 Be8 14. f3 Nd6 15.
Kh1 Bh5 16. Nd2 Qe7 17. e4 fxe4 18. fxe4 dxe4 19. Bxe4 Ndxe4 20. Nxe4 Ng4 21.
Qc3 Nxe5 22. dxe5 Be2 23. Rxf8+ Rxf8 24. Qe3 Bf3+ 25. Kg1 Bxe4 26. Qxe4 Qc5+
27. Kh1 Qf2 28. Rd1 Qxa2 29. Qg4 Rf5 30. Rd8+ Kf7 31. Rd7+ Ke8 32. Qd1 Rf1+ 33.
Qxf1 Kxd7 34. Qf7+ Kd8 35. Qf8+ Kc7 36. Qd6+ Kb6 37. c5+ Kb5 38. Qxe6 Qe2 39.
Qf5 g6 40. Qf6 Qe4+ 41. Kg1 Qe1+ 42. Kg2 Qe2+ 43. Kh3 Qh5+ 44. Kg2 1/2-1/2

[Event "ODEM U25 2010"]
[Site "Oberhof GER"]
[Date "2010.05.27"]
[Round "7"]
[White "Isakson, Alex"]
[Black "Magnussen, Helge"]
[Result "0-1"]
[Termination "normal"]
[Board "4"]
[WhiteElo "1926"]
[BlackElo "2063"]
[PlyCount "90"]
[WhiteFideId "24637351"]
[BlackFideId "24632651"]
[EventCountry "GER"]
[EventRounds "9"]
[EventType "swiss"]
[EventDate "2010.05.22"]

1. e4 e6 2. d4 d5 3. exd5 exd5 4. Bd3 Bd6 5. Qf3 Nc6 6. c3 Nge7 7. Bf4 Be6 8.
Ne2 Ng6 9. Bxd6 Qxd6 10. Nd2 Nce7 11. Qg3 Qd7 12. Nb3 b6 13. Nd2 Nf5 14. Bxf5
Bxf5 15. Nf3 O-O-O 16. O-O h5 17. h4 Bg4 18. Nf4 Nxf4 19. Qxf4 f6 20. Qg3 g5
21. hxg5 h4 22. Nxh4 Be6 23. g6 Rh5 24. Qf4 Qg7 25. Rfe1 Bd7 26. Re3 Rdh8 27.
g3 Rg5 28. Rae1 Qh6 29. Kf1 Bb5+ 30. R1e2 Kb8 31. Re7 Rc8 32. Qxf6 Qh5 33. Qe6
Rg4 34. Ke1 Bxe2 35. Qxe2 Qg5 36. Qe3 Qf6 37. Kd2 Kb7 38. f4 Rxg3 39. Rxc7+
Rxc7 40. Qxg3 Re7 41. f5 Re8 42. Qf4 Re4 43. Qg3 Qe7 44. Nf3 Re2+ 45. Kc1 Qe3+
0-1

[Event "ODEM U25 2010"]
[Site "Oberhof GER"]
[Date "2010.05.27"]
[Round "7"]
[White "Lehmann, Ruben"]
[Black "Künstler, Christian"]
[Result "0-1"]
[Termination "normal"]
[Board "5"]
[WhiteElo "1851"]
[BlackElo "2005"]
[PlyCount "150"]
[WhiteFideId "24671177"]
[BlackFideId "24602361"]
[EventCountry "GER"]
[EventRounds "9"]
[EventType "swiss"]
[EventDate "2010.05.22"]

1. d4 d5 2. c4 c6 3. Nc3 Nf6 4. e3 a6 5. Nf3 b5 6. cxd5 cxd5 7. Bd3 e6 8. O-O
Bb7 9. Ne5 Nbd7 10. f4 Bd6 11. a3 O-O 12. Qf3 Ne8 13. Qh3 Nef6 14. Nf3 Ne4 15.
Ng5 Ndf6 16. Qf3 Nxc3 17. bxc3 h6 18. Nh3 Ne4 19. Bxe4 dxe4 20. Qh5 f5 21. g4
Qe8 22. Qxe8 Rfxe8 23. gxf5 exf5 24. Kf2 Rac8 25. Bd2 Rc4 26. Rg1 Re6 27. Ke2
Ra4 28. Bc1 Bd5 29. Nf2 Kf7 30. Bb2 Be7 31. Nh1 Rc6 32. Ng3 g6 33. Kd2 Bc4 34.
Ne2 Bxe2 35. Kxe2 Bd8 36. Kd2 Ba5 37. Rac1 Rac4 38. Rg2 Rc8 39. Rg3 R8c7 40.
Rh3 Kg7 41. Rg3 R7c6 42. Rcg1 Kf7 43. Rc1 Rc8 44. Rh3 Kg7 45. Rg3 Bd8 46. Rcg1
R8c6 47. R3g2 Kf7 48. Rf1 Be7 49. Rg3 a5 50. Rc1 g5 51. fxg5 hxg5 52. Rg2 b4
53. cxb4 Rxc1 54. Bxc1 axb4 55. axb4 Bxb4+ 56. Kd1 g4 57. Rb2 Bd6 58. Rf2 Kg6
59. Bd2 Rc8 60. Ke2 Rh8 61. Kf1 Bxh2 62. Bb4 Bc7 63. d5 Rh1+ 64. Ke2 Rb1 65.
Be7 Rb2+ 66. Kf1 Rxf2+ 67. Kxf2 Kf7 68. Bc5 Ke8 69. Bd4 Kd7 70. Bc5 Bd8 71. Kg3
Be7 72. Ba7 Kd6 73. Kf4 Kxd5 74. Kxf5 g3 75. Bb8 Bd6 0-1

[Event "ODEM U25 2010"]
[Site "Oberhof GER"]
[Date "2010.05.27"]
[Round "7"]
[White "Zentgraf, Robert"]
[Black "Ehlers, Michael"]
[Result "1-0"]
[Termination "normal"]
[Board "6"]
[WhiteElo "2107"]
[BlackElo "1958"]
[PlyCount "147"]
[WhiteFideId "4676483"]
[BlackFideId "4674537"]
[EventCountry "GER"]
[EventRounds "9"]
[EventType "swiss"]
[EventDate "2010.05.22"]

1. Nc3 e5 2. e4 Nf6 3. Nf3 Nc6 4. d4 exd4 5. Nxd4 Bb4 6. Nxc6 bxc6 7. Bd3 O-O
8. O-O Re8 9. Qf3 h6 10. Bf4 d6 11. h3 Be6 12. Nd1 Rb8 13. Ne3 Bc5 14. b3 Nd7
15. Rad1 Qf6 16. Nf5 Bxf5 17. exf5 Ne5 18. Bxe5 Rxe5 19. Qxc6 Bb6 20. Rde1 Rbe8
21. Rxe5 Rxe5 22. Qd7 Qe7 23. Qxe7 Rxe7 24. Rc1 d5 25. c3 a5 26. Kf1 Kf8 27. c4
dxc4 28. Rxc4 Rd7 29. Ke2 Re7+ 30. Be4 g6 31. Kf3 gxf5 32. Bxf5 Re1 33. g4 Rf1
34. Rc2 Kg7 35. Be4 Kf6 36. Bd5 Kg6 37. Rd2 f6 38. Bc4 Ra1 39. Kg3 h5 40. Kf4
hxg4 41. hxg4 Bc5 42. Rd7 Bd6+ 43. Ke3 Re1+ 44. Be2 f5 45. gxf5+ Kxf5 46. Kf3
Ra1 47. a4 Rc1 48. Bc4 Rc3+ 49. Kg2 Kg5 50. Rd8 Rc2 51. Ra8 Bb4 52. Ra6 Rd2 53.
Kg3 Rd4 54. Ra8 Rg4+ 55. Kf3 Rf4+ 56. Ke2 Rf6 57. Rg8+ Kf4 58. f3 Ke5 59. Re8+
Kd6 60. Ke3 Rh6 61. Ke4 Rh1 62. Kf5 Rh2 63. Re6+ Kc5 64. f4 Rf2 65. Ke4 Bd2 66.
Re5+ Kd6 67. Rd5+ Ke7 68. Rf5 Rh2 69. Rc5 Kd6 70. Rd5+ Ke7 71. Re5+ Kf8 72. Rc5
Rh4 73. Rxc7 Bxf4 74. Rf7+ 1-0

[Event "ODEM U25 2010"]
[Site "Oberhof GER"]
[Date "2010.05.27"]
[Round "7"]
[White "Zuferi, Enis"]
[Black "Veit, Björn"]
[Result "1-0"]
[Termination "normal"]
[Board "7"]
[WhiteElo "1853"]
[BlackElo "1742"]
[PlyCount "41"]
[WhiteFideId "24692530"]
[BlackFideId "24600717"]
[EventCountry "GER"]
[EventRounds "9"]
[EventType "swiss"]
[EventDate "2010.05.22"]

1. d4 d5 2. c4 e6 3. Nc3 Nf6 4. cxd5 exd5 5. Bg5 Nbd7 6. e3 Be7 7. Bd3 O-O 8.
Nge2 c6 9. f3 h6 10. Bh4 Re8 11. O-O c5 12. Rc1 cxd4 13. Nxd4 a6 14. Bb1 Nb6
15. Qd3 g6 16. Nce2 Nh5 17. Bf2 Nf6 18. Nf4 g5 19. Nh5 Nbd7 20. Ne6 Qa5 21. Nc7
1-0

[Event "ODEM U25 2010"]
[Site "Oberhof GER"]
[Date "2010.05.27"]
[Round "7"]
[White "Eigemann, Julian"]
[Black "Höpfner, Tim"]
[Result "1/2-1/2"]
[Termination "normal"]
[Board "8"]
[WhiteElo "1841"]
[BlackElo "1877"]
[PlyCount "52"]
[WhiteFideId "24666599"]
[BlackFideId "4638310"]
[EventCountry "GER"]
[EventRounds "9"]
[EventType "swiss"]
[EventDate "2010.05.22"]

1. e4 c5 2. Nf3 d6 3. d3 g6 4. g3 Bg7 5. Bg2 Nc6 6. O-O e5 7. Nbd2 Nge7 8. c3
O-O 9. Nh4 Kh8 10. f4 f5 11. Ndf3 Be6 12. Ng5 Bg8 13. g4 fxe4 14. Nxe4 Nd5 15.
f5 Nf4 16. Bxf4 exf4 17. g5 gxf5 18. Qh5 Ne5 19. d4 cxd4 20. cxd4 Bf7 21. g6
Bxg6 22. Nxg6+ Nxg6 23. Ng5 Bxd4+ 24. Kh1 Qd7 25. Rf3 Rg8 26. Rh3 Rg7 1/2-1/2

[Event "ODEM U25 2010"]
[Site "Oberhof GER"]
[Date "2010.05.27"]
[Round "7"]
[White "Gölz, Daniel"]
[Black "Carow, Annelen"]
[Result "1-0"]
[Termination "normal"]
[Board "9"]
[WhiteElo "2095"]
[BlackElo "1773"]
[PlyCount "193"]
[WhiteFideId "24626325"]
[BlackFideId "24692492"]
[EventCountry "GER"]
[EventRounds "9"]
[EventType "swiss"]
[EventDate "2010.05.22"]

1. e4 e5 2. Nf3 Nc6 3. Bc4 Bc5 4. c3 Nf6 5. b4 Bb6 6. d3 d6 7. a4 a6 8. Bg5 Ne7
9. Qb3 O-O 10. O-O Ng6 11. a5 Ba7 12. Nbd2 c6 13. d4 h6 14. Be3 Qe7 15. Rfe1
Nh5 16. Rad1 Nhf4 17. Bf1 Be6 18. c4 Bg4 19. h3 Be6 20. d5 cxd5 21. exd5 Bd7
22. Bxa7 Rxa7 23. Qe3 Raa8 24. Qb6 Rfd8 25. Ne4 Ba4 26. Rd2 f5 27. Nc3 Be8 28.
g3 Nh5 29. c5 Rac8 30. c6 bxc6 31. Qxa6 c5 32. bxc5 Rxc5 33. Nb5 Bxb5 34. Bxb5
Qc7 35. Ra1 Nf6 36. Bf1 Ne4 37. Rb2 Rc2 38. Rxc2 Qxc2 39. Qb6 Kh7 40. Re1 Ra8
41. a6 Ne7 42. Re2 Qc5 43. Qxc5 Nxc5 44. Rb2 Nxd5 45. Rd2 Nb4 46. Rxd6 Ncxa6
47. Nxe5 Nc5 48. Rb6 Na2 49. Rb5 Ne4 50. g4 Nac3 51. Rb2 Ra1 52. gxf5 Ra5 53.
Ng4 h5 54. Ne3 Nf6 55. Bc4 Nce4 56. Kg2 Nd6 57. Be6 Nde4 58. Bf7 Ra8 59. Bg6+
Kg8 60. h4 Nd6 61. Rb4 Nf7 62. Rb7 Rf8 63. Nc4 Nh8 64. Ne5 Nd5 65. Kg3 Nxg6 66.
fxg6 Nf4 67. Rd7 Ne2+ 68. Kg2 Nf4+ 69. Kf1 Nh3 70. f3 Nf4 71. Kf2 Nh3+ 72. Ke3
Nf4 73. Kf2 Nh3+ 74. Kg3 Nf4 75. Rd6 Ne2+ 76. Kf2 Nf4 77. Rd4 Ne6 78. Rb4 Nf4
79. Rc4 Ne6 80. Ke3 Re8 81. Ke4 Rf8 82. Kd5 Nf4+ 83. Ke4 Ne6 84. Rc6 Re8 85. f4
Nf8 86. Kd5 Rd8+ 87. Rd6 Ra8 88. Ke4 Ra4+ 89. Kf5 Ra5 90. Rd8 Rb5 91. Kg5 Ra5
92. Kxh5 Rb5 93. Kg5 Ra5 94. h5 Rb5 95. h6 gxh6+ 96. Kxh6 Rb6 97. Rxf8+ 1-0

[Event "ODEM U25 2010"]
[Site "Oberhof GER"]
[Date "2010.05.27"]
[Round "7"]
[White "Bulygin, Anton"]
[Black "Meiser, Michael"]
[Result "1-0"]
[Termination "normal"]
[Board "10"]
[WhiteElo "2051"]
[BlackElo "1967"]
[PlyCount "49"]
[WhiteFideId "24143022"]
[BlackFideId "24659762"]
[EventCountry "GER"]
[EventRounds "9"]
[EventType "swiss"]
[EventDate "2010.05.22"]

1. c4 Nf6 2. Nc3 g6 3. e4 d6 4. g3 e5 5. Bg2 Bg7 6. Nge2 Nc6 7. d3 Be6 8. h3
O-O 9. O-O Nd7 10. Rb1 a5 11. a3 f5 12. f4 Nf6 13. exf5 Bxf5 14. g4 Bd7 15. Ng3
Rb8 16. f5 gxf5 17. Nxf5 Bxf5 18. Rxf5 Nd4 19. Rf1 c6 20. b4 axb4 21. axb4 Nd7
22. Be3 Qh4 23. Qd2 Qg3 24. Ne4 Qh4 25. Bg5 1-0

[Event "ODEM U25 2010"]
[Site "Oberhof GER"]
[Date "2010.05.27"]
[Round "7"]
[White "Feller, Florian"]
[Black "Valet, Alexander"]
[Result "1/2-1/2"]
[Termination "normal"]
[Board "11"]
[WhiteElo "1933"]
[BlackElo "1901"]
[PlyCount "88"]
[WhiteFideId "4640896"]
[BlackFideId "24682560"]
[EventCountry "GER"]
[EventRounds "9"]
[EventType "swiss"]
[EventDate "2010.05.22"]

1. g3 g6 2. Bg2 Bg7 3. c4 c5 4. Nf3 Nf6 5. O-O O-O 6. d4 cxd4 7. Nxd4 Nc6 8.
Nc3 Nxd4 9. Qxd4 d6 10. Qd3 Rb8 11. e4 Bd7 12. h3 Qc8 13. Kh2 Be6 14. Nd5 Bxd5
15. cxd5 Nd7 16. f4 Nc5 17. Qe2 Qd7 18. Be3 b6 19. Rab1 Rbc8 20. b3 Rc7 21.
Rfc1 Rfc8 22. Rc2 Nb7 23. Rbc1 Rxc2 24. Rxc2 Nc5 25. Bg1 Na6 26. Rxc8+ Qxc8 27.
Qb5 Nb8 28. a4 Qd7 29. Qc4 Qb7 30. Bf1 Bb2 31. b4 Kf8 32. Qb5 Qd7 33. a5 Qxb5
34. Bxb5 a6 35. Bc6 bxa5 36. Ba7 Nxc6 37. dxc6 Ke8 38. bxa5 e6 39. Kg2 d5 40.
exd5 exd5 41. Kf3 Ke7 42. Bb6 Kd6 43. c7 Kd7 44. Ke3 f5 1/2-1/2

[Event "ODEM U25 2010"]
[Site "Oberhof GER"]
[Date "2010.05.27"]
[Round "7"]
[White "Yin, Stanley"]
[Black "Siebarth, Marco"]
[Result "1/2-1/2"]
[Termination "normal"]
[Board "12"]
[WhiteElo "1976"]
[BlackElo "2049"]
[PlyCount "75"]
[WhiteFideId "24622729"]
[BlackFideId "24604330"]
[EventCountry "GER"]
[EventRounds "9"]
[EventType "swiss"]
[EventDate "2010.05.22"]

1. c4 e5 2. Nc3 f5 3. g3 Nf6 4. Bg2 Nc6 5. d3 d6 6. Nf3 g6 7. O-O Bg7 8. a3 Be6
9. Bd2 Qd7 10. b4 O-O 11. Ng5 Bf7 12. Nxf7 Rxf7 13. b5 Nd8 14. Ra2 h6 15. a4 c6
16. a5 cxb5 17. Nxb5 a6 18. Nc3 Ne6 19. Na4 Rb8 20. Nb6 Qd8 21. Qc1 Kh7 22. Bb4
f4 23. Qa3 Bf8 24. e3 Ng5 25. exf4 exf4 26. gxf4 Ne6 27. d4 Nxf4 28. f3 N6h5
29. Re1 Nxg2 30. Rxg2 Qf6 31. d5 Qxf3 32. Qxf3 Rxf3 33. Nd7 Rc8 34. Nxf8+ Rcxf8
35. Bxd6 R8f7 36. Rge2 Nf6 37. Re7 Ng8 38. Rxf7+ 1/2-1/2

[Event "ODEM U25 2010"]
[Site "Oberhof GER"]
[Date "2010.05.27"]
[Round "7"]
[White "Remy, Janina"]
[Black "Matschewsky, Justus"]
[Result "1-0"]
[Termination "normal"]
[Board "13"]
[WhiteElo "1989"]
[BlackElo "1727"]
[PlyCount "73"]
[WhiteFideId "24627348"]
[BlackFideId "24678708"]
[EventCountry "GER"]
[EventRounds "9"]
[EventType "swiss"]
[EventDate "2010.05.22"]

1. e4 e5 2. Nf3 Nc6 3. d4 exd4 4. Nxd4 Bc5 5. Nb3 Bb6 6. a4 a6 7. Nc3 d6 8. Nd5
Ba7 9. Be3 Bxe3 10. Nxe3 Nf6 11. Bd3 Be6 12. c4 Ne5 13. O-O Nxd3 14. Qxd3 O-O
15. Nd4 Qe7 16. f3 Nd7 17. Nd5 Bxd5 18. cxd5 Ne5 19. Qc3 Rfc8 20. Nf5 Qf6 21.
f4 Ng6 22. Qxf6 gxf6 23. g3 Re8 24. Rfe1 Ne7 25. Nd4 c5 26. dxc6 Nxc6 27. Nf5
Rad8 28. Rad1 Re6 29. Kf2 Nb4 30. Re2 d5 31. Rd4 Nc6 32. Rxd5 Rxd5 33. exd5
Rxe2+ 34. Kxe2 Nb4 35. d6 Kf8 36. d7 Nc6 37. Kd3 1-0

[Event "ODEM U25 2010"]
[Site "Oberhof GER"]
[Date "2010.05.27"]
[Round "7"]
[White "Arsen, Abrahamyan"]
[Black "Huhnstock, Rico"]
[Result "0-1"]
[Termination "normal"]
[Board "14"]
[WhiteElo "1664"]
[BlackElo "1918"]
[PlyCount "86"]
[BlackFideId "24642932"]
[EventCountry "GER"]
[EventRounds "9"]
[EventType "swiss"]
[EventDate "2010.05.22"]

1. e4 c5 2. Nf3 Nc6 3. d4 cxd4 4. Nxd4 e5 5. Nb5 d6 6. N1c3 a6 7. Na3 b5 8. Nd5
Nce7 9. c4 Nxd5 10. exd5 bxc4 11. Nxc4 Nf6 12. Be3 Be7 13. Be2 O-O 14. O-O Rb8
15. a4 Bb7 16. Nb6 Nd7 17. a5 f5 18. f3 Qe8 19. b4 Bd8 20. Nxd7 Qxd7 21. Qb3
Qf7 22. Rfd1 g5 23. b5 Bf6 24. Rab1 Ra8 25. bxa6 Bxa6 26. Bxa6 Rxa6 27. Bb6 Bd8
28. Rdc1 e4 29. Qb5 Bxb6+ 30. axb6 Raa8 31. Rc7 Qf6 32. Qd7 Rf7 33. Rc8+ Kg7
34. b7 Ra1 35. Qxf7+ Kxf7 36. Rf8+ Kg7 37. Rg8+ Kxg8 38. b8=Q+ Kg7 39. Kf2 Qd4+
40. Kg3 Qe5+ 41. Kf2 e3+ 42. Ke2 Ra2+ 43. Kd3 Rd2+ 0-1

[Event "ODEM U25 2010"]
[Site "Oberhof GER"]
[Date "2010.05.27"]
[Round "7"]
[White "Kast, Joannis"]
[Black "Becker, Carsten"]
[Result "0-1"]
[Termination "normal"]
[Board "15"]
[WhiteElo "1733"]
[BlackElo "2007"]
[PlyCount "216"]
[WhiteFideId "24698776"]
[BlackFideId "24646822"]
[EventCountry "GER"]
[EventRounds "9"]
[EventType "swiss"]
[EventDate "2010.05.22"]

1. e4 d5 2. exd5 Qxd5 3. Nc3 Qa5 4. d4 Nf6 5. Nf3 Bg4 6. Bd2 c6 7. Bc4 Qh5 8.
Be2 e6 9. h3 Bd6 10. Rg1 Bxf3 11. Bxf3 Qh4 12. Be3 Nd5 13. Nxd5 cxd5 14. Qd2
Nc6 15. c3 h6 16. Be2 O-O-O 17. O-O-O Kb8 18. Kb1 Na5 19. Ka1 Rc8 20. Rge1 Nc4
21. Qc1 Rc6 22. f3 Rhc8 23. Bg1 b5 24. Bxc4 Rxc4 25. Qb1 Qd8 26. Qd3 Ka8 27.
Rc1 b4 28. Be3 Qc7 29. Bd2 b3 30. axb3 Rc6 31. Qc2 Qa5+ 32. Kb1 Ra6 33. Qd1
Qa2+ 34. Kc2 Rb6 35. b4 Rxb4 36. Rb1 Rb6 37. Re3 Ba3 38. Kd3 Bxb2 39. Ke2 Bxc3
40. Rxb6 axb6 41. Rd3 Bxd2 42. Rxd2 Qc4+ 43. Ke3 Kb7 44. Kf2 Qc3 45. Ke2 Qc1
46. Qb3 Qc4+ 47. Qd3 b5 48. Ke3 Qxd3+ 49. Kxd3 Rc4 50. Rb2 Kb6 51. Ra2 Ra4 52.
Rc2 Rc4 53. Ra2 b4 54. Ra8 Kb5 55. Ra7 Rc3+ 56. Kd2 Kc4 57. Rb7 Kb3 58. Rxf7
Rc2+ 59. Kd1 Rxg2 60. Rc7 Kb2 61. Rc6 b3 62. Rc8 Ka1 63. Ra8+ Ra2 64. Rb8 b2
65. f4 b1=Q+ 66. Rxb1+ Kxb1 67. h4 Rh2 68. Ke1 Kc2 69. Kf1 Kd3 70. Ke1 Kxd4 71.
h5 Ke4 72. Kd1 Kxf4 73. Ke1 Kg5 74. Kf1 Kxh5 75. Kg1 Ra2 76. Kf1 Kg4 77. Ke1 h5
78. Kf1 h4 79. Kg1 d4 80. Kf1 h3 81. Kg1 g5 82. Kh1 e5 83. Kg1 e4 84. Kh1 d3
85. Kg1 e3 86. Kf1 Kf4 87. Kg1 g4 88. Kf1 g3 89. Kg1 e2 90. Kh1 e1=N 91. Kg1 d2
92. Kf1 Ke3 93. Kg1 Nf3+ 94. Kf1 Nd4 95. Kg1 d1=N 96. Kf1 h2 97. Ke1 Nc3 98.
Kf1 Ne4 99. Ke1 g2 100. Kd1 h1=N 101. Ke1 Nhg3 102. Kd1 g1=N 103. Ke1 Re2+ 104.
Kd1 Re1+ 105. Kxe1 Nb3 106. Kd1 Kd3 107. Ke1 Nf3+ 108. Kd1 Nc3# 0-1

[Event "ODEM U25 2010"]
[Site "Oberhof GER"]
[Date "2010.05.27"]
[Round "7"]
[White "Mainik, Philipp"]
[Black "Hundt, Fabian"]
[Result "1/2-1/2"]
[Termination "normal"]
[Board "16"]
[WhiteElo "1716"]
[BlackElo "1948"]
[PlyCount "75"]
[WhiteFideId "4638646"]
[BlackFideId "4645294"]
[EventCountry "GER"]
[EventRounds "9"]
[EventType "swiss"]
[EventDate "2010.05.22"]

1. e4 c6 2. d4 d5 3. Nc3 dxe4 4. Nxe4 Bf5 5. Ng3 Bg6 6. h4 h6 7. Nf3 Nd7 8. h5
Bh7 9. Bd3 Bxd3 10. Qxd3 Qc7 11. O-O Ngf6 12. c4 e6 13. Re1 O-O-O 14. Bd2 Bd6
15. Ne4 Nxe4 16. Rxe4 Nf6 17. Rh4 c5 18. Qa3 Kb8 19. dxc5 Qxc5 20. b4 Qc7 21.
c5 Be5 22. Re1 Nd7 23. Qc1 Bf6 24. Rc4 Rc8 25. Nd4 Bxd4 26. Rxd4 Qc6 27. Bf4+
Ka8 28. Rd6 Qb5 29. Qa3 Nf6 30. Be5 Nd5 31. Bxg7 Rh7 32. Bc3 Qc4 33. Bd2 Rg8
34. Qa5 Rxg2+ 35. Kh1 Rg1+ 36. Kh2 Rg2+ 37. Kh1 Rg1+ 38. Kh2 1/2-1/2

[Event "ODEM U25 2010"]
[Site "Oberhof GER"]
[Date "2010.05.27"]
[Round "7"]
[White "Arps, Jan-Philipp"]
[Black "Luther, Alexander"]
[Result "1-0"]
[Termination "normal"]
[Board "17"]
[WhiteElo "2013"]
[BlackElo "1944"]
[PlyCount "61"]
[WhiteFideId "24645680"]
[BlackFideId "24682616"]
[EventCountry "GER"]
[EventRounds "9"]
[EventType "swiss"]
[EventDate "2010.05.22"]

1. e4 c5 2. Nc3 a6 3. a4 e6 4. f4 b6 5. Nf3 Qc7 6. Bc4 Nc6 7. d3 Bd6 8. Ne2 Rb8
9. Bd2 Be7 10. O-O d6 11. Qe1 Nf6 12. Bb3 d5 13. e5 Nd7 14. Qg3 g6 15. Rae1 b5
16. axb5 axb5 17. c3 c4 18. Bc2 Ba6 19. d4 b4 20. f5 Nd8 21. fxg6 hxg6 22. Bxg6
Nf8 23. Bc2 bxc3 24. bxc3 f5 25. Nf4 Kd7 26. Qg7 Rh7 27. Qg8 Rb2 28. Nxd5 exd5
29. Bxf5+ Kc6 30. Bxh7 Nxh7 31. Qxh7 1-0

[Event "ODEM U25 2010"]
[Site "Oberhof GER"]
[Date "2010.05.27"]
[Round "7"]
[White "Adelhütte, Dennis"]
[Black "Twerskoi, David"]
[Result "1-0"]
[Termination "normal"]
[Board "18"]
[WhiteElo "1923"]
[BlackElo "1632"]
[PlyCount "63"]
[WhiteFideId "4661265"]
[EventCountry "GER"]
[EventRounds "9"]
[EventType "swiss"]
[EventDate "2010.05.22"]

1. e4 e5 2. Nf3 Nc6 3. d4 exd4 4. Bc4 Bc5 5. c3 d3 6. O-O Nge7 7. Ng5 Ne5 8.
Nxf7 Nxf7 9. Bxf7+ Kxf7 10. Qh5+ Ng6 11. Qxc5 d6 12. Qd5+ Be6 13. Qxd3 Rf8 14.
f4 Kg8 15. Be3 Qh4 16. g3 Qh5 17. Nd2 Rae8 18. Qc2 Bf7 19. Rad1 Re7 20. Qa4 a6
21. Qb4 b6 22. Qa4 a5 23. b4 Kh8 24. bxa5 Ra8 25. a6 Be8 26. Qc2 Rxa6 27. f5
Ne5 28. Bd4 Ng4 29. Nf3 Ba4 30. Qe2 Bxd1 31. Rxd1 Qxf5 32. Qxa6 1-0

[Event "ODEM U25 2010"]
[Site "Oberhof GER"]
[Date "2010.05.27"]
[Round "7"]
[White "Schneider, Johannes"]
[Black "Baier, Christoph"]
[Result "1/2-1/2"]
[Termination "normal"]
[Board "19"]
[WhiteElo "1801"]
[BlackElo "1841"]
[PlyCount "42"]
[WhiteFideId "24687260"]
[BlackFideId "24655759"]
[EventCountry "GER"]
[EventRounds "9"]
[EventType "swiss"]
[EventDate "2010.05.22"]

1. d4 Nf6 2. c4 g6 3. Nc3 Bg7 4. e4 d6 5. f3 O-O 6. Be3 e5 7. Nge2 c6 8. Qd2
Nbd7 9. g4 exd4 10. Nxd4 Qe7 11. O-O-O Ne5 12. g5 Ne8 13. Be2 Be6 14. b3 a6 15.
f4 Nd7 16. Rdf1 c5 17. Nc2 f5 18. exf5 Bxf5 19. Bf3 Nb8 20. Nd5 Qd8 21. h4 Nc6
1/2-1/2

[Event "ODEM U25 2010"]
[Site "Oberhof GER"]
[Date "2010.05.27"]
[Round "7"]
[White "Kühne, Niklas"]
[Black "Wang, Julia"]
[Result "1-0"]
[Termination "normal"]
[Board "20"]
[WhiteElo "1652"]
[BlackElo "1722"]
[PlyCount "127"]
[WhiteFideId "24690015"]
[BlackFideId "24692565"]
[EventCountry "GER"]
[EventRounds "9"]
[EventType "swiss"]
[EventDate "2010.05.22"]

1. c4 e5 2. Nc3 Nc6 3. g3 Bc5 4. Bg2 d6 5. e3 f5 6. Nge2 Nf6 7. O-O O-O 8. d4
Bb6 9. Re1 Qe8 10. a3 a5 11. b3 Qg6 12. f4 e4 13. Bd2 Bd7 14. Na4 Ba7 15. c5
dxc5 16. Nxc5 Bc8 17. b4 b6 18. Qb3+ Kh8 19. Ne6 Qf7 20. d5 Re8 21. dxc6 Bxe6
22. Qb2 axb4 23. axb4 b5 24. Nd4 Bxd4 25. Qxd4 Rad8 26. Qb2 Rd6 27. Bf1 Red8
28. Bc3 Bc4 29. Ra6 Bxf1 30. Bxf6 Rxf6 31. Rxf1 Qc4 32. Rc1 Qd3 33. Ra3 Qd5 34.
Rac3 Kg8 35. Qb3 Qxb3 36. Rxb3 Rd3 37. Rxd3 exd3 38. Kf2 Rd6 39. Kf3 Kf7 40. e4
fxe4+ 41. Kxe4 d2 42. Rd1 Ke6 43. Ke3 Rd5 44. Rxd2 Rxd2 45. Kxd2 Kd5 46. Kd3
Kxc6 47. Kd4 Kd6 48. g4 c5+ 49. bxc5+ Kc6 50. f5 h6 51. h3 b4 52. Kc4 b3 53.
Kxb3 Kxc5 54. Kc3 Kd5 55. Kd3 Ke5 56. Ke3 Kf6 57. Kf4 g5+ 58. Ke4 Kf7 59. Ke5
Ke7 60. f6+ Kf8 61. Ke6 Ke8 62. f7+ Kf8 63. Kf6 h5 64. Kg6 1-0

[Event "ODEM U25 2010"]
[Site "Oberhof GER"]
[Date "2010.05.27"]
[Round "7"]
[White "Velina, Valeria"]
[Black "Celmer, Ole"]
[Result "1/2-1/2"]
[Termination "normal"]
[Board "22"]
[WhiteElo "1776"]
[BlackElo "1671"]
[PlyCount "60"]
[WhiteFideId "24677345"]
[BlackFideId "24657107"]
[EventCountry "GER"]
[EventRounds "9"]
[EventType "swiss"]
[EventDate "2010.05.22"]

1. e4 e5 2. Bc4 Nf6 3. d3 Nc6 4. Nf3 d6 5. c3 Bg4 6. O-O Be7 7. Re1 O-O 8. Bb3
d5 9. exd5 Nxd5 10. h3 Bxf3 11. Qxf3 Nb6 12. Nd2 a5 13. a4 Qd7 14. Qg3 Rad8 15.
Bc2 f5 16. f4 exf4 17. Qxf4 Bd6 18. Qf1 Bg3 19. Re2 Rde8 20. Rxe8 Rxe8 21. Nf3
Nd5 22. Bd2 Ne3 23. Qc1 f4 24. Be1 Ne5 25. Nxe5 Rxe5 26. Bxg3 fxg3 27. Bb3+ Kh8
28. d4 Re8 29. Qd2 Qf5 30. Re1 Qf4 1/2-1/2

[Event "ODEM U25 2010"]
[Site "Oberhof GER"]
[Date "2010.05.27"]
[Round "7"]
[White "Hartzendorf, Jonathan"]
[Black "Klosa, Kevin"]
[Result "1-0"]
[Termination "normal"]
[Board "23"]
[WhiteElo "1671"]
[BlackElo "1493"]
[PlyCount "73"]
[WhiteFideId "24660990"]
[BlackFideId "12900206"]
[EventCountry "GER"]
[EventRounds "9"]
[EventType "swiss"]
[EventDate "2010.05.22"]

1. c4 Nf6 2. Nc3 g6 3. Nf3 Bg7 4. g3 O-O 5. Bg2 d6 6. O-O e5 7. d3 Nc6 8. Bd2
h6 9. Rb1 a5 10. a3 Be6 11. Ne1 Nd7 12. Nc2 f5 13. b4 axb4 14. axb4 Qc8 15. Nd5
Bxd5 16. Bxd5+ Kh7 17. b5 Ne7 18. Bg2 Nb6 19. Nb4 f4 20. Qb3 g5 21. Ra1 g4 22.
d4 h5 23. c5 Nd7 24. Rxa8 Qxa8 25. Qe6 Qd8 26. cxd6 cxd6 27. dxe5 dxe5 28. Bc3
Rf6 29. Be4+ Kh8 30. Qc4 Qb6 31. Nd5 Nxd5 32. Qxd5 Rd6 33. Qxb7 Nb8 34. Qc8+
Qd8 35. Qf5 Rh6 36. Bxe5 Bxe5 37. Qxe5+ 1-0

[Event "ODEM U25 2010"]
[Site "Oberhof GER"]
[Date "2010.05.27"]
[Round "7"]
[White "Hartewig, Philipp"]
[Black "Mehling, Franziska"]
[Result "1-0"]
[Termination "normal"]
[Board "24"]
[WhiteElo "1650"]
[BlackElo "1477"]
[PlyCount "65"]
[WhiteFideId "1270639"]
[BlackFideId "12900133"]
[EventCountry "GER"]
[EventRounds "9"]
[EventType "swiss"]
[EventDate "2010.05.22"]

1. d4 d5 2. c4 e6 3. Nc3 Nf6 4. cxd5 exd5 5. Bg5 Be7 6. e3 Nbd7 7. Bd3 c6 8.
Qc2 O-O 9. g4 g6 10. h4 Re8 11. h5 Nf8 12. hxg6 fxg6 13. O-O-O b5 14. Nh3 a5
15. Nf4 b4 16. Na4 Ne4 17. Bxe7 Qxe7 18. Bxe4 Qxe4 19. Qxc6 Be6 20. Nc5 Rec8
21. Qxa8 Rxa8 22. Nxe4 dxe4 23. Nxe6 Nxe6 24. Kd2 Rd8 25. Rc1 Kg7 26. Rc6 Re8
27. Ra6 Ng5 28. Rxa5 Kf6 29. Rc1 Nf3+ 30. Ke2 Re7 31. Rc4 Rb7 32. Rc6+ Kf7 33.
Rac5 1-0